700 seminarios y talleres dirigidos a normalistas (Record no. 61596)
[ view plain ]
| 000 -CABECERA | |
|---|---|
| campo de control de longitud fija | 00557nam a2200217 a 4500 |
| 005 - FECHA Y HORA DE LA ÚLTIMA TRANSACCIÓN | |
| campo de control | 20210219152819.0 |
| 008 - ELEMENTOS DE LONGITUD FIJA--INFORMACIÓN GENERAL | |
| campo de control de longitud fija | 991125n 000 0 spa u |
| 035 ## - NÚMERO DE CONTROL DEL SISTEMA | |
| Número de control de sistema | UPN01000062246 |
| 222 ## - TÍTULO CLAVE | |
| Título clave | COMUNICACION EDUCATIVA SEP |
| 245 ## - MENCIÓN DE TÍTULO | |
| Título | 700 seminarios y talleres dirigidos a normalistas |
| 300 ## - DESCRIPCIÓN FÍSICA | |
| Extensión | 7 |
| 362 ## - FECHAS DE PUBLICACIÓN Y/O DESIGNACIÓN SECUENCIAL | |
| Fecha de publicación y/o designación secuencial | 1984 Año 1, no. 12, abr. |
| 653 0# - TERMINO DE INDIZACION - NO CONTROLADO | |
| Término no controlado | CAPACITACION |
| 653 0# - TERMINO DE INDIZACION - NO CONTROLADO | |
| Término no controlado | CULTURA |
| 653 0# - TERMINO DE INDIZACION - NO CONTROLADO | |
| Término no controlado | DIFUSION CULTURAL |
| 653 0# - TERMINO DE INDIZACION - NO CONTROLADO | |
| Término no controlado | EDUCACION BASICA |
| 653 0# - TERMINO DE INDIZACION - NO CONTROLADO | |
| Término no controlado | MEXICO |
| 653 0# - TERMINO DE INDIZACION - NO CONTROLADO | |
| Término no controlado | MAESTROS |
| 904 ## - ELEMENTOS DE DATOS D LOCAL, LDD (RLIN) | |
| a | AC |
| b | 000057 |
| 905 ## - TIPO DE MATERIAL | |
| Tipo de material | Articulo |
No items available.
